Statistics for U.S. Cities with Teams from All Four Major Sports

Click here to take the quiz!

General Stats

  • This quiz has been taken 24,521 times
    (23,741 since last reset)
  • The average score is 11 of 13

Answer Stats

# Teams Metro Area % Correct
9New York City
99%
8Los Angeles
98%
5Chicago
93%
4Miami
92%
4Dallas / Fort Worth
90%
4Boston
90%
6San Francisco Bay Area
87%
4Philadelphia
80%
4Washington D.C.
76%
4Detroit
76%
4Denver
73%
4Phoenix
68%
4Minneapolis / St. Paul
59%

Score Distribution

Percentile by Number Answered

Percent of People with Each Score

Your Score History

You have not taken this quiz since the last reset